| Tag |
First Indicator |
Second Indicator |
Subfields |
| LEADER |
00000nmm a22000001a 4500 |
| 001 |
in00004610721 |
| 006 |
m|||||o||m|||||||| |
| 007 |
cr|cn |||uuuuu |
| 008 |
221118s2016 xxu||||eo|||| ||||||eng d |
| 005 |
20221207213458.4 |
| 035 |
|
|
|a (TxWaIVM)IV68003IDA
|
| 035 |
|
|
|a (TxWaIVM)IV68003IDA
|
| 040 |
|
|
|a TxWaIVM
|c TxWaIVM
|
| 245 |
0 |
2 |
|a A Matter of Life /
|c powered by Library Pass.
|
| 260 |
3 |
|
|a [United States] :
|b IDW,
|c 2016.
|
| 300 |
|
|
|a 1 online resource.
|
| 336 |
|
|
|a text
|b txt
|2 rdacontent
|
| 337 |
|
|
|a computer
|b c
|2 rdamedia
|
| 338 |
|
|
|a online resource
|b cr
|2 rdacarrier
|
| 520 |
|
|
|a After the acclaimed indie film Save the Date and the bestselling all-ages humor book Darth Vader and Son, graphic novelist Jeffrey Brown (Clumsy, Unlikely) returns to the autobiographical work that first made his reputation. In A Matter of Life, Jeffrey Brown draws upon memories of three generations of Brown men: himself, his minister father, and his preschooler son Oscar. Weaving through time, passing through the quiet suburbs and colorful cities of the midwest, their stories slowly assemble into a kaleidoscopic answer to the big questions: matters of life and death, family and faith, and the search for something beyond oneself.
|
| 521 |
|
|
|a 3
|
| 538 |
|
|
|a Requires a valid library card and registration for new users.
|
| 538 |
|
|
|a Mode of access: World Wide Web.
|
| 538 |
|
|
|a System requirements: Flash 10.1 or higher, Windows XP and higher, Internet Explorer 7 and higher, Firefox 3.6 and higher, Google Chrome; Max OS 10.5 and higher, Safari 4 and higher.
|
| 650 |
|
0 |
|a Biographical comic books, strips, etc.
|
| 655 |
|
7 |
|a Electronic books.
|2 local
|
| 655 |
|
7 |
|a Biographical comic books, strips, etc.
|2 gsafd
|
| 650 |
|
0 |
|a Literary
|
| 655 |
|
7 |
|a Literary
|2 gsafd
|
| 650 |
|
0 |
|a Comic books, strips, etc.
|
| 655 |
|
7 |
|a Comic books, strips, etc.
|2 gsafd
|
| 700 |
1 |
|
|a Brown, Jeffrey.
|e writer.
|
| 700 |
1 |
|
|a Brown, Jeffrey.
|e artist.
|
| 710 |
2 |
|
|a Library Pass, LLC.
|
| 856 |
4 |
0 |
|u http://proxy.library.tamu.edu/login?url=https://tamu.librarypass.com/product/com.iversecomics.idw.a.matter.of.life.english.02082016
|z Connect to this electronic book (First time users create your free account)
|t 0
|
| 955 |
|
|
|a Comics Plus.
|
| 999 |
f |
f |
|s a2d4a787-475e-459d-8af4-ef787a35fe17
|i ab131cb9-fb7b-4379-9362-033d1a172f94
|t 0
|
| 952 |
f |
f |
|a Texas A&M University
|b College Station
|c Electronic Resources
|d Available Online
|t 0
|h Library of Congress classification
|
| 998 |
f |
f |
|t 0
|l Available Online
|